Prima Rvdimenta Dialecticae Pro Incipientibvs, Ex Recentiore Philippi Melanchthonis Dialectica Excerpta,

Bibliographic Details
Main Author: Medler, Nicolaus (Author, Dedicator)
Other Authors: Baumann, Georg (Printer)
Format: Book
Language:Latin
PhysicalDescription:40 listov 8° 35 cm
Published: Erphordiae Georgius Bawman excudebat, iuxta Templum Sancti Pauli Anno M. D. LIX.[=1559]
Subjects:

MARC

LEADER 00000nam a2200000 a 4500
001 vtls012136406
003 SK-MaSNL
005 20260301055600.0
008 251112s1559 gw f 010 0 lat
015 |a SNBHFA 
035 |a urn:nbn:sk:snk-am00if98 
035 |a AC5685AC-A8D3-4A8A-93F4-CF328C857E5C 
040 |a SNKHFA  |b slo  |c SNKHFA  |e AACR2 
041 |a lat 
044 |a gw  |c DE 
072 7 |a 16  |x Logika  |2 konspekt 
072 7 |a 16  |2 2011 
100 1 |a Medler, Nicolaus  |4 aut  |4 dto  |9 369432 
245 1 0 |a Prima Rvdimenta Dialecticae Pro Incipientibvs, Ex Recentiore Philippi Melanchthonis Dialectica Excerpta,  |c Per Doctorem Nicolaum Medlervm 
260 |a Erphordiae  |b Georgius Bawman excudebat, iuxta Templum Sancti Pauli  |c Anno M. D. LIX.[=1559] 
300 |a 40 listov  |c 8°  |c 35 cm 
500 |a Signet, vinety, vlysy, linky, iniciálky v rámčeku na 7 riadkov 
501 |a Príväzok 1. k: SARCERIUS, Erasmus. Dialectica. Francof: Apud haeredes Christiani Egenolphi, 1560. 8°.  |5 SNK IE 11208 
504 |a Kustody 
546 |a Latinčina  |b Kurzíva 
561 |a Z knižnice františkánov v Bratislave.  |5 SNK IE 11208/prív.1 
562 |a Rukopisné poznámky.  |5 SNK IE 11208/prív.1 
650 0 7 |a dialektika  |2 SNKPH  |9 17838 
650 0 7 |a logika  |2 SNKPH  |9 806 
700 1 |a Baumann, Georg  |4 prt  |9 350371 
700 1 |a Streitberger, Johann  |4 hnr  |9 369433 
710 1 |a Františkáni (Bratislava, Slovensko)  |4 fmo  |9 281881 
752 |a Nemecko  |d Erfurt 
852 |a Slovenská národná knižnica  |b Historické fondy 
852 |a snk  |b Historické fondy  |p IE 11208/prív.1 
958 |a ONDV 
999 |c 613690  |d 615620 
952 |t Fr Ba 4481  |a SNK  |b SNK  |c SNK_HF  |y PREZ  |7 0  |p 17A1399545  |o snkIE 11208/prív.1  |i snkF 8442/2022  |8 5  |0 0  |1 0  |4 0  |d 2022-05-24  |f 1  |l 0  |r 2026-02-23 16:30:51  |w 2026-02-23